Saving children from a life of crime : (Record no. 52272)

MARC details
000 -LEADER
fixed length control field 00995nam a22002417a 4500
005 - DATE AND TIME OF LATEST TRANSACTION
control field 20110510112514.0
008 - FIXED-LENGTH DATA ELEMENTS--GENERAL INFORMATION
fixed length control field 110510t xxu||||| |||| 00| 0 eng d
010 ## - LCCN (DPL NO)
LC control number ENG-102415
020 ## - INTERNATIONAL STANDARD BOOK NUMBER
International Standard Book Number 9789380388359
Terms of availability 995.00
035 ## - SYSTEM CONTROL NUMBER
System control number EN-85948
037 ## - SOURCE OF ACQUISITION
Source of stock number/acquisition DBAD/PUB
040 ## - CATALOGING SOURCE
Original cataloging agency DPL
Language of cataloging Eng
082 ## - DEWEY DECIMAL CLASSIFICATION NUMBER
Classification number 362.880830954
100 ## - MAIN ENTRY--PERSONAL NAME
Personal name Iqbal Mohammed
9 (RLIN) 27875
245 ## - TITLE STATEMENT
Title Saving children from a life of crime :
Statement of responsibility, etc by Iqbal Mohammed
Remainder of title a sociological perspective /
260 ## - PUBLICATION, DISTRIBUTION, ETC. (IMPRINT)
Place of publication, distribution, etc New Delhi
Name of publisher, distributor, etc DPS Publishing House
Date of publication, distribution, etc 2011
270 ## - ADDRESS
Address Room No. 213,7/28 Mahavir Street, Ansari Road, Daryaganj
City New Delhi
Postal code 110002
Telephone number 011-23251264, 91-9811734184
Electronic mail address prashant_pbd@yahoo.co.in
300 ## - PHYSICAL DESCRIPTION
Extent viii,280p.
Dimensions 22cm (Hb)
500 ## - GENERAL NOTE
General note Includes bibliographical references and index
650 ## - SUBJECT ADDED ENTRY--TOPICAL TERM
9 (RLIN) 27887
942 ## - ADDED ENTRY ELEMENTS (KOHA)
Source of classification or shelving scheme Dewey Decimal Classification
Item type English Books
Classification part 362.880830954
Call number suffix IQB
Holdings
Withdrawn status Lost status Source of classification or shelving scheme Damaged status Not for loan Collection code Home library Current library Date acquired Source of acquisition Cost, normal purchase price Total Checkouts Full call number Barcode Date last seen Copy number Cost, replacement price Koha item type
    Dewey Decimal Classification   Not For Loan Non-fiction D.B.Act.Division D.B.Act.Division 10/05/2011 DBAD/PUB 995.00   362.880830954 IQB EN-85948 10/05/2011 1 995.00 English Books

© Delhi Public Library
Hit Counter
free hit counter